| 000 | 00630nam a22001815i 4500 | ||
|---|---|---|---|
| 001 | 155139 | ||
| 003 | ES-MaACL | ||
| 005 | 20230906205955.0 | ||
| 008 | 040722s1897 fr |||| | fre d | ||
| 040 |
_aCAM _bspa _cCAM |
||
| 100 | 1 |
_aHauptmann, Gerhart. _962099 |
|
| 245 | 1 | 3 |
_aLa cloche engoutie _b: conte dramatique en cinq actes / _cGerhart Hauptmann; traduit avec l'autorisation de l'auteur par A. Ferdinand Herold. |
| 250 | _a2me. éd. | ||
| 260 |
_aParis : _bSocété du Mercier de France, _c1897. |
||
| 300 |
_a245 p. ; _c19 cm. |
||
| 700 | 1 |
_aHerold, A. Ferdinand. _963127 |
|
| 852 |
_aES-MaACL _jF-8833 _z-- Enc. hol. |
||
| 999 |
_c155139 _d155139 |
||